| 000 | 00618nam a2200217 4500 | ||
|---|---|---|---|
| 003 | OSt | ||
| 005 | 20240625082833.0 | ||
| 006 | a | ||
| 008 | 240625b |||||||| |||| 00| 0 eng d | ||
| 020 | _a9710871331 | ||
| 040 |
_aDWCL-Main lib. _cOC |
||
| 082 | _aFil. 339 M174 2011 | ||
| 110 | _aEdilberto Jr. Viray | ||
| 245 | _aMacro economics simplified / | ||
| 260 |
_aMandaluyong City: _bNational Book Store, _cc2011. |
||
| 300 |
_axii, _b261 p. : ill. ; _c26 cm. |
||
| 504 | _aIncludes bibliographical references. | ||
| 650 | _a1. Macroeconomics. | ||
| 650 | _a2. Economics. | ||
| 942 |
_2ddc _n0 _cBK - FIL _kFil. |
||
| 999 |
_c1342 _d1342 |
||